| 000 | 01616cam a22004337a 4500 | ||
|---|---|---|---|
| 003 | CHAP | ||
| 005 | 20220329142806.0 | ||
| 008 | 031010ds003 mx r 00010 spa d | ||
| 010 | _a87808 | ||
| 011 | _a88780 | ||
| 035 | _a99325 | ||
| 040 | _cCHAP | ||
| 090 | _aTesis | ||
| 100 | 0 | 0 |
_aEspinosa García, Bibiana Mercedes. _937931 |
| 245 | 1 | 0 |
_aAntocianinas en maíces de grano pigmentado (Zea mays L.) y medición de su actividad antioxidante _c/por Bibiana Mercedes Espinosa García |
| 260 |
_aChapingo, Méx. : _bEl autor, _c2003. |
||
| 300 |
_a79 h.; _bgráfs. |
||
| 502 | _aTesis (Ing. Agroindustrial) -- UACH. Departamento de Ingenieria Agroindustrial | ||
| 530 | _aTambién disponible en línea | ||
| 590 |
_aALEPH _b10 _c20130110 _lUCH01 _h1455 |
||
| 590 |
_aBATCH-UPD _b10 _c20130110 _lUCH01 _h0222 |
||
| 590 |
_aBATCH-UPD _b10 _c20130110 _lUCH01 _h1613 |
||
| 590 |
_aBATCH-UPD _b10 _c20130409 _lUCH01 _h2243 |
||
| 590 |
_aBATCH-UPD _b10 _c20130410 _lUCH01 _h1351 |
||
| 590 |
_aBATCH-UPD _b10 _c20130914 _lUCH01 _h1747 |
||
| 590 |
_aBATCH-UPD _b10 _c20140324 _lUCH01 _h1441 |
||
| 590 |
_aBATCH-UPD _b10 _c20141002 _lUCH01 _h0819 |
||
| 590 |
_aCONVERSION _b10 _c20130109 _lUCH01 _h1349 |
||
| 650 | 1 | 4 |
_aAntioxidantes. _96070 |
| 650 | 1 | 4 |
_aAntocianinas. _96078 |
| 650 | 1 | 4 |
_aMaíz _xColor. _970905 |
| 650 | 1 | 4 |
_aMaíz _xVariedades. _971081 |
| 856 |
_3Finding aid _uhttp://10.13.5.2/tesis/99325.pdf _zTeclea aqui |
||
| 901 | _aBK | ||
| 905 | _aMayto Villalobos S. | ||
| 942 | _cFOLL | ||
| 949 |
_aTesis _bBC _cTES _d33724000892816 _eTS2 _fc.2 _h41190 _i99325 _si |
||
| 949 |
_aTesis _bBC _cTES _d99325123 _eTS1 _h41189 _i99325 _sb |
||
| 999 |
_c87808 _d87808 |
||